01500 a2200205 4500003000500000005001700005010001600022040000900038082001600047100001900063245004600082260005800128300004200186505085700228650005901085650003301144650002601177651005401203651003701257NUST20230228115404.0 a 96014778 cNust00a301.427,ADA1 a Adams, Bert N14aThe American family farm /c Bert N Adams aOsceola, WI, USA :b National Book Foundationsc1996. a 380 p. :bill. (some col.) ;c27 cm. aIntroduction to Family Study (Page-1), Family Structures and Varieties (Page-15), Family Varieties exemplified: Nayar, Papago, Chinese (Page-35), Antecedents of the Modern Amer- Ican Family (Page-55), The Family in a Differentiated Society: Toawrd A Theoretical Perspective (Page-79), Family Subcultures and Sub societies in the United States (Page-102), The Socialization Process (Page-134), Adolescence (Page-157), Premarital Relationship in the United States (Page-176), Premarital Relationship in the United States (Page-1760, Love and Mate Selection in the United States (Page-203), Marriage: Processes and Roles (Page-234), Marriage: Interactions and Adjustments (Page-259), Kinship Relations (Page-277), Aging and the Family in the Family to Change and Challenge (Page-3190, The Family in the United States: Retrospect and Prospect (Page-348). 0aFamily farmszUnited StatesxHistoryxPictorial works. 0aFamily farmszUnited States. 0aPhotography of farms. 0aUnited StatesxRural conditionsxPictorial works. 0aUnited StatesxRural conditions.